|
|
|
|
| LEADER |
00000nam0a2200000 4500 |
| 001 |
227252 |
| 005 |
20231101230804.0 |
| 035 |
|
|
|a (RuTPU)RU\TPU\book\247667
|
| 090 |
|
|
|a 227252
|
| 100 |
|
|
|a 20121204d2012 k y0rusy50 ca
|
| 101 |
0 |
|
|a rus
|
| 102 |
|
|
|a RU
|
| 105 |
|
|
|a a dm 001zy
|
| 200 |
1 |
|
|a Релятивистские эффекты в электронной и кристаллической структурах поверхностей и тонких пленок металлических систем
|e автореферат диссертации на соискание ученой степени доктора физико-математических наук
|e спец. 01.04.07
|f Ю. М. Коротеев
|g Российская академия наук (РАН), Сибирское отделение (СО), Институт физики прочности и материаловедения (ИФПМ) ; Национальный исследовательский Томский государственный университет (ТГУ) ; науч. конс. Е. В. Чулков
|
| 210 |
|
|
|a Томск
|d 2012
|
| 215 |
|
|
|a 36 с.
|c ил.
|
| 300 |
|
|
|a Защита сост. 22.11.2012 г.
|
| 320 |
|
|
|a Библиогр.: с. 33-36 (35 назв.).
|
| 606 |
1 |
|
|a Поверхности твердых тел
|x Исследование
|2 stltpush
|3 (RuTPU)RU\TPU\subj\67662
|9 83383
|
| 606 |
1 |
|
|a Пленки тонкие
|x Исследование
|x (твердые тела)
|2 stltpush
|3 (RuTPU)RU\TPU\subj\71990
|9 85637
|
| 610 |
1 |
|
|a плотность
|
| 610 |
1 |
|
|a функционал плотности
|
| 610 |
1 |
|
|a релятивистская теория
|
| 610 |
1 |
|
|a пленочная геометрия
|
| 610 |
1 |
|
|a расчет
|
| 610 |
1 |
|
|a линеаризация
|
| 610 |
1 |
|
|a электронное строение
|
| 610 |
1 |
|
|a атомная структура
|
| 610 |
1 |
|
|a тяжелые металлы
|
| 610 |
1 |
|
|a висмут
|
| 610 |
1 |
|
|a лантан
|
| 610 |
1 |
|
|a лютеций
|
| 610 |
1 |
|
|a золото
|
| 610 |
1 |
|
|a свинец
|
| 610 |
1 |
|
|a ультратонкие пленки
|
| 610 |
1 |
|
|a релаксация
|
| 610 |
1 |
|
|a сплавы
|
| 610 |
1 |
|
|a металлические системы
|
| 610 |
1 |
|
|a спин-орбитальное расщепление
|
| 610 |
1 |
|
|a авторефераты диссертаций
|
| 675 |
|
|
|a 539.211(04)
|v 3
|
| 686 |
|
|
|a 01.04.07
|2 oksvnk
|
| 700 |
|
1 |
|a Коротеев
|b Ю. М.
|c физик
|c программист Томского политехнического университета
|f 1959-
|g Юрий Михайлович
|2 stltpush
|3 (RuTPU)RU\TPU\pers\30206
|
| 702 |
|
1 |
|a Чулков
|b Е. В.
|g Евгений Владимирович
|4 695
|
| 712 |
0 |
2 |
|a Российская академия наук (РАН)
|b Сибирское отделение (СО)
|b Институт физики прочности и материаловедения (ИФПМ)
|c (Томск)
|2 stltpush
|3 (RuTPU)RU\TPU\col\265
|
| 712 |
0 |
2 |
|a Национальный исследовательский Томский государственный университет (ТГУ)
|c (2009- )
|2 stltpush
|3 (RuTPU)RU\TPU\col\17230
|
| 801 |
|
1 |
|a RU
|b 63413507
|c 20121204
|
| 801 |
|
2 |
|a RU
|b 63413507
|c 20151117
|g RCR
|
| 942 |
|
|
|c BK
|